000
00198 a2200097 4500
001
4015
100
_a
Akhtar, S M
245
_a
Economics of Pakistan
260
_a
_b
United
_c
090
_c
3242
_d
3242
942
_a
NUST-CAE
_c
M
_c
24914
999
_c
239088
_d
239088